Linking education and practice by using simulation games as a learning tool

Zvýšené požiadavky zo strany zamestnávateľov na študentov vysokých škôl a univerzít. Zlepšenie kvality vzdelávacieho procesu aj prostredníctvom zavedenia simulačných hier ako jedného z nástrojov vzdelávania. Pozitívne a negatívne črty využitia simulačných hier vo vzedlávacom procese.

Na minha lista:
Detalhes bibliográficos
Autor principal: Klepáková, Adela
Outros Autores: Ivančová, Ladislava, 1980-
Formato: Capítulo de Livro
Idioma:inglês
Assuntos:
Tags: Adicionar Tag
Sem tags, seja o primeiro a adicionar uma tag!

MARC

LEADER 00000naa$a2200000$$$4500
001 0183607
005 20240502073137.2
041 0 |a eng 
044 |a SK 
245 1 0 |a Linking education and practice by using simulation games as a learning tool  |c Adela Klepáková, Ladislava Ivančová 
520 |a Zvýšené požiadavky zo strany zamestnávateľov na študentov vysokých škôl a univerzít. Zlepšenie kvality vzdelávacieho procesu aj prostredníctvom zavedenia simulačných hier ako jedného z nástrojov vzdelávania. Pozitívne a negatívne črty využitia simulačných hier vo vzedlávacom procese. 
610 2 0 |a vzdelávanie vysokoškolské 
610 2 0 |a kvalita vzdelávania 
610 2 0 |a hry simulačné manažérske 
100 1 |a Klepáková, Adela 
700 1 |a Ivančová, Ladislava, 1980-